[Event "Izhevsk Corporation Cup 5th"]
[Site "Izhevsk"]
[Date "2013.07.19"]
[Round "8"]
[White "Balashov, Yuri S"]
[Black "Bochkarev, Alexey"]
[Result "1-0"]
[WhiteElo "2477"]
[BlackElo "2309"]
[PlyCount "133"]
[EventDate "2013.07.11"]
[EventType "swiss"]
[EventRounds "9"]
[EventCountry "RUS"]
[SourceTitle "EXT 2014"]
[Source "ChessBase"]
[SourceDate "2013.11.20"]
[SourceVersion "1"]
[SourceVersionDate "2013.11.20"]
[SourceQuality "1"]

1. e4 e6 2. d4 d5 3. Nd2 dxe4 4. Nxe4 Nd7 5. Nf3 Ngf6 6. Nxf6+ Nxf6 7. Bg5 Be7
8. Bc4 Nd5 9. Bxe7 Qxe7 10. O-O O-O 11. Re1 Qb4 12. Bb3 Rd8 13. c3 Qf8 14. Ne5
c6 15. Qf3 Bd7 16. Re4 Be8 17. Rae1 Rac8 18. Rh4 f5 19. Qe2 Qf6 20. Bxd5 Rxd5
21. Rf4 Rcd8 22. b4 b6 23. h3 c5 24. dxc5 bxc5 25. Qe3 cxb4 26. cxb4 Bb5 27.
Kh2 a6 28. a3 Qe7 29. Rf3 Rd4 30. Qc1 Qd6 31. Rg3 Qe7 32. Rc3 Qf6 33. Rc8 h6
34. Rxd8+ Qxd8 35. Qc3 Qd6 36. Qg3 Be8 37. f4 Qc7 38. Qe3 Re4 39. Qd2 Rxe1 40.
Qxe1 Qd6 41. Qe3 Kh7 42. Qd3 Qb6 43. Qd2 Bb5 44. g4 Qb7 45. Qc2 Bd7 46. Qg2
Qxg2+ 47. Kxg2 Be8 48. g5 hxg5 49. fxg5 Kg8 50. Kf2 Kf8 51. Ke3 Ke7 52. Kd4 Bb5
53. h4 Be2 54. a4 Kd8 55. Nc4 Kc7 56. Ne5 Kd6 57. Nd3 Bd1 58. b5 axb5 59. axb5
Be2 60. b6 Bf3 61. Ne5 Bd5 62. h5 Ke7 63. Ng6+ Kd6 64. h6 gxh6 65. gxh6 e5+ 66.
Nxe5 Bg8 67. Ke3 1-0

[Event "Tambov Korensky Memorial 22nd"]
[Site "Tambov"]
[Date "2013.08.23"]
[Round "7"]
[White "Balashov, Yuri S"]
[Black "Zhurikhin, Alexander"]
[Result "1-0"]
[WhiteElo "2441"]
[BlackElo "2315"]
[PlyCount "67"]
[EventDate "2013.08.17"]
[EventType "swiss"]
[EventRounds "9"]
[EventCountry "RUS"]
[SourceTitle "CBM 156 Extra"]
[Source "ChessBase"]
[SourceDate "2013.10.22"]
[SourceVersion "1"]
[SourceVersionDate "2013.10.22"]
[SourceQuality "1"]

1. d4 Nf6 2. c4 e6 3. Nc3 Bb4 4. e3 b6 5. Bd3 Bb7 6. Nf3 Ne4 7. O-O Bxc3 8.
bxc3 Nxc3 9. Qc2 Bxf3 10. gxf3 Qg5+ 11. Kh1 Qh5 12. Rg1 Qxf3+ 13. Rg2 f5 14.
Kg1 Ne4 15. Be2 Qh3 16. f3 Nf6 17. d5 Na6 18. dxe6 O-O-O 19. a4 dxe6 20. a5 Kb7
21. Qa2 Nc5 22. Ba3 Nfe4 23. Bb4 Qh6 24. Qa3 Nd3 25. fxe4 Qxe3+ 26. Kh1 Nf2+
27. Rxf2 Qxf2 28. axb6 a5 29. Bf3 cxb6 30. e5+ Kc8 31. Bd6 Rd7 32. c5 bxc5 33.
Qb3 Rxd6 34. Qb7+ 1-0

[Event "Tambov Korensky Memorial 22nd"]
[Site "Tambov"]
[Date "2013.08.24"]
[Round "8"]
[White "Balashov, Yuri S"]
[Black "Uryupin, Igor Nikolaevich"]
[Result "1-0"]
[WhiteElo "2441"]
[BlackElo "2302"]
[PlyCount "69"]
[EventDate "2013.08.17"]
[EventType "swiss"]
[EventRounds "9"]
[EventCountry "RUS"]
[SourceTitle "CBM 156 Extra"]
[Source "ChessBase"]
[SourceDate "2013.10.22"]
[SourceVersion "1"]
[SourceVersionDate "2013.10.22"]
[SourceQuality "1"]

1. e4 c5 2. Nf3 g6 3. c3 Bg7 4. d4 cxd4 5. cxd4 d5 6. e5 Nh6 7. h3 O-O 8. Nc3
Nc6 9. Bb5 f6 10. O-O fxe5 11. Bxc6 bxc6 12. Nxe5 Qd6 13. Bxh6 Bxh6 14. Re1 Rb8
15. b3 Rf4 16. g3 Rf6 17. h4 Be6 18. Qe2 c5 19. Rad1 Rbf8 20. f4 cxd4 21. Nb5
d3 22. Nxd3 Qb6+ 23. Nf2 Bc8 24. Nc3 e6 25. Na4 Qb4 26. Ng4 Bg7 27. Nxf6+ Bxf6
28. Qd2 Qa3 29. Rc1 Qd6 30. Nc5 Bxh4 31. gxh4 Rxf4 32. Qe2 Rxh4 33. Nxe6 Ba6
34. Qe5 Rg4+ 35. Kf2 1-0

[Event "Kolomna op"]
[Site "Kolomna"]
[Date "2013.10.02"]
[Round "6"]
[White "Balashov, Yuri S"]
[Black "Nozdrachev, Leonid"]
[Result "1-0"]
[WhiteElo "2435"]
[BlackElo "2433"]
[PlyCount "55"]
[EventDate "2013.09.29"]
[EventType "swiss"]
[EventRounds "9"]
[EventCountry "RUS"]
[SourceTitle "CBM 156 Extra"]
[Source "ChessBase"]
[SourceDate "2013.10.22"]
[SourceVersion "1"]
[SourceVersionDate "2013.10.22"]
[SourceQuality "1"]

1. Nf3 Nf6 2. g3 g6 3. b4 c6 4. Bb2 Bg7 5. Bg2 Qb6 6. a3 Ne4 7. d4 a5 8. c3 d5
9. O-O Nd7 10. Nbd2 f5 11. Nxe4 fxe4 12. Ng5 Nf6 13. f3 exf3 14. exf3 axb4 15.
cxb4 h6 16. Nh3 e5 17. Nf2 exd4 18. Bxd4 Qc7 19. Re1+ Kf7 20. Nd3 Bf5 21. Ne5+
Kg8 22. g4 Nd7 23. Nxc6 bxc6 24. gxf5 Bxd4+ 25. Qxd4 gxf5 26. Kh1 Rf8 27. Bh3
Nb6 28. Bxf5 1-0

[Event "Moscow-ch"]
[Site "Moscow"]
[Date "2014.03.25"]
[Round "4"]
[White "Balashov, Yuri S"]
[Black "Vavulin, Maksim"]
[Result "1-0"]
[WhiteElo "2446"]
[BlackElo "2398"]
[PlyCount "127"]
[EventDate "2014.03.22"]
[EventType "swiss"]
[EventRounds "9"]
[EventCountry "RUS"]
[SourceTitle "CBM 159 Extra"]
[Source "ChessBase"]
[SourceDate "2014.04.24"]
[SourceVersion "1"]
[SourceVersionDate "2014.04.24"]
[SourceQuality "1"]

1. d4 Nf6 2. Nf3 e6 3. c4 c5 4. d5 exd5 5. cxd5 d6 6. Nc3 g6 7. Bg5 Bg7 8. e3
O-O 9. Nd2 h6 10. Bh4 a6 11. a4 Nbd7 12. Be2 Qe7 13. O-O Rb8 14. a5 Ne5 15. Kh1
g5 16. Bg3 Bd7 17. Qc2 Ne8 18. f4 Ng6 19. Nc4 Bb5 20. Rae1 Bxc4 21. Bxc4 b5 22.
axb6 Rxb6 23. b3 Nc7 24. fxg5 hxg5 25. Na4 Rbb8 26. Nxc5 Be5 27. Ne4 Kg7 28.
Bxe5+ Qxe5 29. Nf6 Qe7 30. Qf5 Rh8 31. Qxg5 Qe5 32. Qxe5 Nxe5 33. Ne4 Rh6 34.
Ng3 Rg6 35. Nf5+ Kf8 36. Re2 Ke8 37. h3 Kd7 38. e4 Rb4 39. Rc1 Rg8 40. Nd4 Rb6
41. Rf2 Rg7 42. Rcf1 Ne8 43. Nc6 f6 44. Bxa6 Rxb3 45. Nd4 Rb4 46. Bb5+ Kc8 47.
Bxe8 Rxd4 48. Rxf6 Rd2 49. R6f2 Rxf2 50. Rxf2 Kd8 51. Bh5 Ra7 52. Rf8+ Ke7 53.
Re8+ Kf6 54. h4 Kg7 55. Re6 Ra4 56. Bf3 Ra6 57. Kh2 Ng6 58. Kg3 Nf8 59. Re7+
Kf6 60. Re8 Kg7 61. h5 Nh7 62. Re7+ Kh6 63. Re6+ Kg7 64. e5 1-0

[Event "Tambov Korensky Memorial 23rd"]
[Site "Tambov"]
[Date "2014.08.26"]
[Round "4"]
[White "Lopukhin, Anatoly Viktorovich"]
[Black "Balashov, Yuri S"]
[Result "0-1"]
[WhiteElo "2329"]
[BlackElo "2432"]
[PlyCount "126"]
[EventDate "2014.08.23"]
[EventType "swiss"]
[EventRounds "9"]
[EventCountry "RUS"]
[SourceTitle "EXT 2015"]
[Source "ChessBase"]
[SourceDate "2014.11.20"]
[SourceVersion "1"]
[SourceVersionDate "2014.11.20"]
[SourceQuality "1"]

1. e4 c5 2. Nf3 d6 3. Bb5+ Bd7 4. c4 Bxb5 5. cxb5 a6 6. Qa4 Nd7 7. Nc3 e6 8.
O-O Be7 9. d4 cxd4 10. Qxd4 Ngf6 11. Bg5 O-O 12. Rfd1 axb5 13. Nxb5 d5 14. e5
Ne4 15. Bxe7 Qxe7 16. Nd2 Nxd2 17. Rxd2 Rfc8 18. Nd6 Rc7 19. f4 f6 20. b3 fxe5
21. fxe5 Qg5 22. Re1 Rf8 23. Rde2 b6 24. Rf2 h6 25. Rxf8+ Nxf8 26. Qe3 Qxe3+
27. Rxe3 Rc2 28. a4 Nd7 29. Nb5 Nc5 30. Nd4 Rd2 31. Nf3 Rd1+ 32. Kf2 d4 33. Re2
Nxb3 34. Rb2 Rd3 35. Ke2 Re3+ 36. Kf2 Rc3 37. Nd2 Nc5 38. Rxb6 Ra3 39. Rc6 Nd3+
40. Ke2 Nf4+ 41. Kf2 Ra2 42. Kf3 Nxg2 43. Kxg2 Rxd2+ 44. Kg3 Kf7 45. Rd6 d3 46.
a5 Ra2 47. a6 d2 48. h4 Rxa6 49. Rxd2 Kg6 50. Rd7 Ra3+ 51. Kf4 Ra4+ 52. Kf3
Rxh4 53. Re7 Ra4 54. Rxe6+ Kf5 55. Re7 g5 56. Rh7 Ra3+ 57. Kg2 Ra6 58. Kg3 Kxe5
59. Kg4 Ra4+ 60. Kg3 Rh4 61. Ra7 Kf6 62. Ra6+ Kg7 63. Rb6 Rf4 0-1

[Event "Moscow Kolomenskaya op"]
[Site "Moscow"]
[Date "2014.10.07"]
[Round "4"]
[White "Balashov, Yuri S"]
[Black "Nozdrachev, Leonid"]
[Result "1-0"]
[WhiteElo "2429"]
[BlackElo "2408"]
[PlyCount "77"]
[EventDate "2014.10.05"]
[EventType "swiss"]
[EventRounds "9"]
[EventCountry "RUS"]
[SourceTitle "CBM 162 Extra"]
[Source "ChessBase"]
[SourceDate "2014.10.17"]
[SourceVersion "1"]
[SourceVersionDate "2014.10.17"]
[SourceQuality "1"]

1. d4 Nf6 2. c4 g6 3. Nc3 Bg7 4. e4 d6 5. f3 O-O 6. Nge2 e5 7. Bg5 c6 8. Qd2
Nbd7 9. d5 cxd5 10. cxd5 a6 11. Nc1 h6 12. Be3 Nh5 13. Nb3 f5 14. exf5 gxf5 15.
O-O-O Qf6 16. Kb1 b6 17. Bd3 Nc5 18. Bc2 Rb8 19. Rhg1 f4 20. Bxc5 bxc5 21. Ne4
Qd8 22. Na5 Qc7 23. Nc4 Rd8 24. g4 Nf6 25. Qd3 Nxe4 26. Qxe4 Qe7 27. Na5 Bd7
28. Qh7+ Kf8 29. Be4 Qh4 30. Rg2 Rdc8 31. g5 hxg5 32. Qg6 Qh6 33. Rxg5 Be8 34.
Qf5+ Qf6 35. Qg4 Bd7 36. Qh5 Rc7 37. Rdg1 Be8 38. Qh7 Qh6 39. Rxg7 1-0

[Event "WchT Seniors 65"]
[Site "Dresden"]
[Date "2015.02.28"]
[Round "5.2"]
[White "Baum, Bernd"]
[Black "Balashov, Yuri S"]
[Result "0-1"]
[WhiteElo "2300"]
[BlackElo "2432"]
[PlyCount "51"]
[EventDate "2015.02.24"]
[EventType "team-swiss"]
[EventRounds "9"]
[EventCountry "GER"]
[SourceTitle "CBM 165 Extra"]
[Source "ChessBase"]
[SourceDate "2015.04.21"]
[SourceVersion "1"]
[SourceVersionDate "2015.04.21"]
[SourceQuality "1"]
[WhiteTeam "Germany"]
[BlackTeam "Russia"]
[WhiteTeamCountry "GER"]
[BlackTeamCountry "RUS"]

1. g3 c5 2. Bg2 Nc6 3. c4 g6 4. Nc3 Bg7 5. d3 e6 6. e4 Nge7 7. Nge2 a6 8. O-O
O-O 9. a3 b5 10. Be3 bxc4 11. dxc4 d6 12. Rb1 Rb8 13. Qd2 Ne5 14. b3 Ng4 15.
Bg5 f6 16. h3 fxg5 17. hxg4 Nc6 18. e5 Nxe5 19. Ne4 Bb7 20. Qxd6 Nf3+ 21. Kh1
Bxe4 22. Qxe6+ Kh8 23. Qxe4 Nd2 24. Qc6 Nxb1 25. Qa8 Rxa8 26. Z0 0-1

[Event "Moscow Kolomenskaya op"]
[Site "Moscow"]
[Date "2015.10.20"]
[Round "7"]
[White "Balashov, Yuri S"]
[Black "Nozdrachev, Leonid"]
[Result "1-0"]
[WhiteElo "2418"]
[BlackElo "2410"]
[PlyCount "85"]
[EventDate "2015.10.16"]
[EventType "swiss"]
[EventRounds "9"]
[EventCountry "RUS"]
[SourceTitle "CBM 169 Extra"]
[Source "ChessBase"]
[SourceDate "2015.12.18"]
[SourceVersion "1"]
[SourceVersionDate "2015.12.18"]
[SourceQuality "1"]

1. d4 Nf6 2. Nf3 g6 3. c4 Bg7 4. Nc3 O-O 5. e4 d6 6. Be2 e5 7. O-O exd4 8. Nxd4
Re8 9. f3 c6 10. Kh1 Na6 11. Nb3 Be6 12. Bf4 d5 13. cxd5 cxd5 14. Bb5 Rf8 15.
Bxa6 bxa6 16. Bg5 Qd7 17. Bxf6 Bxf6 18. exd5 Bxc3 19. dxe6 Qxd1 20. Raxd1 Bxb2
21. Rd6 fxe6 22. Rxa6 e5 23. Nc5 Rac8 24. Ne4 Bd4 25. h3 Rb8 26. Nf6+ Rxf6 27.
Rxf6 Kg7 28. Rd6 Rb2 29. Rc1 Rxa2 30. Rc7+ Kh6 31. h4 Bf2 32. Rdd7 Bxh4 33.
Rxh7+ Kg5 34. Rxa7 Re2 35. Ra4 Be1 36. Rg4+ Kf6 37. Rh6 Bd2 38. Rhxg6+ Kf5 39.
Rc6 Bf4 40. g3 Bg5 41. Rgc4 Bd2 42. Rc2 e4 43. R2c5# 1-0

[Event "Tula Suetin Memorial"]
[Site "Tula"]
[Date "2017.01.05"]
[Round "4"]
[White "Moiseenko, Vladimir"]
[Black "Balashov, Yuri S"]
[Result "0-1"]
[WhiteElo "2327"]
[BlackElo "2414"]
[PlyCount "74"]
[EventDate "2017.01.03"]
[EventType "tourn"]
[EventRounds "9"]
[EventCountry "RUS"]
[EventCategory "7"]
[SourceTitle "CBM 176 Extra"]
[Source "ChessBase"]
[SourceDate "2017.03.02"]
[SourceVersion "1"]
[SourceVersionDate "2017.03.02"]
[SourceQuality "1"]

1. d4 Nf6 2. c4 e6 3. Nc3 Bb4 4. e3 O-O 5. Nge2 d5 6. a3 Be7 7. Nf4 c6 8. Bd3
Nbd7 9. cxd5 Nxd5 10. Nfe2 N5f6 11. O-O e5 12. b4 exd4 13. Nxd4 Ne5 14. Be2 a5
15. b5 c5 16. Nf3 Qc7 17. Bb2 Rd8 18. Qc2 Nxf3+ 19. Bxf3 Bg4 20. Ne4 Bxf3 21.
Nxf6+ Bxf6 22. Bxf6 gxf6 23. gxf3 Qe5 24. Rad1 Kh8 25. Rxd8+ Rxd8 26. Rc1 b6
27. Qc3 Qf5 28. f4 Rd3 29. Qc4 Rd2 30. Kf1 Qg4 31. Ke1 Rb2 32. Rc2 Rb1+ 33. Kd2
Qd1+ 34. Kc3 Rc1 35. Rxc1 Qxc1+ 36. Kb3 a4+ 37. Qxa4 Qd1+ 0-1

[Event "EU-chT Seniors 65"]
[Site "Novi Sad"]
[Date "2017.06.25"]
[Round "1.1"]
[White "Balashov, Yuri S"]
[Black "Ost Hansen, Jacob"]
[Result "1-0"]
[WhiteElo "2418"]
[BlackElo "2359"]
[PlyCount "71"]
[EventDate "2017.06.25"]
[EventType "team-tourn"]
[EventRounds "9"]
[EventCountry "SRB"]
[SourceTitle "CBM 179 Extra"]
[Source "ChessBase"]
[SourceDate "2017.08.23"]
[SourceVersion "1"]
[SourceVersionDate "2017.08.23"]
[SourceQuality "1"]
[WhiteTeam "Russia 65"]
[BlackTeam "Denmark 65"]
[WhiteTeamCountry "RUS"]
[BlackTeamCountry "DEN"]

1. d4 Nf6 2. c4 c5 3. d5 e5 4. Nc3 d6 5. e4 Be7 6. g3 O-O 7. Bg2 a6 8. a4 Nbd7
9. Nge2 Ne8 10. O-O Rb8 11. b3 Nc7 12. a5 b6 13. axb6 Na8 14. Bd2 Naxb6 15. Nc1
Bg5 16. Nd3 Bxd2 17. Qxd2 Qe7 18. f4 exf4 19. gxf4 f5 20. Rae1 fxe4 21. Nxe4
Nf6 22. Ng5 Qa7 23. Ne5 dxe5 24. fxe5 Nbd7 25. Ne6 Re8 26. Qg5 Nxe5 27. Rxf6
Ng6 28. Rff1 Bxe6 29. dxe6 Rxb3 30. Rf7 Qb8 31. e7 Rb1 32. Rxb1 Qxb1+ 33. Rf1
Qd3 34. Qxc5 Qe2 35. Bd5+ Kh8 36. Rf8+ 1-0

[Event "Tambov Korensky Memorial 26th"]
[Site "Tambov"]
[Date "2017.08.25"]
[Round "7"]
[White "Balashov, Yuri S"]
[Black "Sapunov, Evgeny"]
[Result "1-0"]
[WhiteElo "2451"]
[BlackElo "2466"]
[PlyCount "49"]
[EventDate "2017.08.19"]
[EventType "swiss"]
[EventRounds "9"]
[EventCountry "RUS"]
[SourceTitle "CBM 180 Extra"]
[Source "ChessBase"]
[SourceDate "2017.10.06"]
[SourceVersion "1"]
[SourceVersionDate "2017.10.06"]
[SourceQuality "1"]

1. e4 c5 2. Nf3 e6 3. d4 cxd4 4. Nxd4 a6 5. Bd3 Bc5 6. Nb3 Be7 7. O-O d6 8. c4
Nf6 9. Nc3 b6 10. Be3 O-O 11. f4 Bb7 12. Qf3 Nbd7 13. Rad1 Qc7 14. Qh3 g6 15.
f5 exf5 16. exf5 Ne5 17. Nd5 Nxd5 18. cxd5 Nxd3 19. Rxd3 Bf6 20. Bd4 Bxd4+ 21.
Nxd4 h5 22. Rg3 Kh7 23. Rg5 Kh6 24. Ne6 Qc4 25. Qe3 1-0

[Event "Tula Starodubtsev Memorial 4th"]
[Site "Tula"]
[Date "2018.01.08"]
[Round "1"]
[White "Tishin, Petr"]
[Black "Balashov, Yuri S"]
[Result "0-1"]
[WhiteElo "2426"]
[BlackElo "2434"]
[PlyCount "142"]
[EventDate "2018.01.08"]
[EventType "tourn (rapid)"]
[EventRounds "9"]
[EventCountry "RUS"]
[EventCategory "10"]
[SourceTitle "CBM 182 Extra"]
[Source "ChessBase"]
[SourceDate "2018.02.23"]
[SourceVersion "1"]
[SourceVersionDate "2018.02.23"]
[SourceQuality "1"]

1. e4 e6 2. d4 d5 3. e5 c5 4. c3 Nc6 5. Nf3 Bd7 6. a3 a5 7. Bd3 Qb6 8. Bc2 h5
9. O-O Nh6 10. h3 Rc8 11. dxc5 Bxc5 12. b4 Be7 13. Re1 Qc7 14. b5 Nd8 15. a4
Nf5 16. Bxf5 exf5 17. Qxd5 Ne6 18. Nd4 g6 19. Ba3 Bxa3 20. Rxa3 Rd8 21. Qf3 Bc8
22. Qe3 Qc5 23. Nb3 Qxe3 24. fxe3 b6 25. Nd4 Bb7 26. Nd2 Rc8 27. e4 f4 28. Rf1
O-O 29. h4 Rfd8 30. N2f3 Nc5 31. Ng5 Nxe4 32. Nxe4 Bxe4 33. Rxf4 Bd5 34. Rf6
Re8 35. Rxb6 Rxe5 36. Rf6 Re1+ 37. Rf1 Re4 38. Nf3 Re3 39. Rc1 Bxf3 40. gxf3
Rxf3 41. b6 Rb8 42. Rb3 Rf6 43. Rcb1 Rc6 44. Kf2 Kf8 45. Ke3 Ke7 46. Kd4 Rd8+
47. Ke3 Re6+ 48. Kf4 Rb8 49. Rb5 Rc6 50. R1b3 Rc4+ 51. Kg3 Rg4+ 52. Kh3 Rxa4
53. Rc5 Kd6 54. Rc7 Rxb6 55. Rxb6+ Kxc7 56. Rf6 Rg4 57. Rxf7+ Kb6 58. Rf8 Kb5
59. Rb8+ Ka4 60. Rb6 Ka3 61. c4 Rxc4 62. Rxg6 Rc5 63. Kg3 a4 64. Rb6 Rf5 65.
Rg6 Kb4 66. Rb6+ Rb5 67. Ra6 a3 68. Kf4 Ra5 69. Rb6+ Kc5 70. Rb1 a2 71. Ra1 Kd4
0-1

[Event "Tula Starodubtsev Memorial 4th"]
[Site "Tula"]
[Date "2018.01.08"]
[Round "2"]
[White "Balashov, Yuri S"]
[Black "Zaitsev, Alexander"]
[Result "1-0"]
[WhiteElo "2434"]
[BlackElo "2499"]
[PlyCount "53"]
[EventDate "2018.01.08"]
[EventType "tourn (rapid)"]
[EventRounds "9"]
[EventCountry "RUS"]
[EventCategory "10"]
[SourceTitle "CBM 182 Extra"]
[Source "ChessBase"]
[SourceDate "2018.02.23"]
[SourceVersion "1"]
[SourceVersionDate "2018.02.23"]
[SourceQuality "1"]

1. e4 e6 2. d4 d5 3. Nd2 Be7 4. Ngf3 Nf6 5. Bd3 c5 6. c3 cxd4 7. cxd4 dxe4 8.
Nxe4 Bd7 9. O-O Bc6 10. Nc3 Nbd7 11. Re1 O-O 12. a3 Rc8 13. Ne5 Nb6 14. Bc2
Nbd5 15. Qd3 Nxc3 16. bxc3 Qa5 17. Bg5 g6 18. c4 Rfe8 19. Qh3 Rcd8 20. Qh4 Qc3
21. Bxf6 Rxd4 22. Nxc6 Bxf6 23. Qxf6 bxc6 24. Rac1 Rxc4 25. Qxc3 Rxc3 26. a4
Rb8 27. Be4 1-0

[Event "Dvorkovich Memorial rapid op"]
[Site "Taganrog"]
[Date "2018.01.14"]
[Round "9"]
[White "Balashov, Yuri S"]
[Black "Gunchenko, Vadim"]
[Result "1-0"]
[WhiteElo "2434"]
[BlackElo "2338"]
[PlyCount "89"]
[EventDate "2018.01.13"]
[EventType "swiss (rapid)"]
[EventRounds "11"]
[EventCountry "RUS"]
[SourceTitle "CBM 182 Extra"]
[Source "ChessBase"]
[SourceDate "2018.02.23"]
[SourceVersion "1"]
[SourceVersionDate "2018.02.23"]
[SourceQuality "1"]

1. d4 Nf6 2. c4 e6 3. Nc3 d5 4. cxd5 exd5 5. Bg5 Be7 6. e3 c6 7. Bd3 Nbd7 8.
Qc2 O-O 9. Nf3 Re8 10. O-O Nf8 11. Rab1 a5 12. h3 Be6 13. a3 N6d7 14. Bf4 Rc8
15. b4 axb4 16. axb4 b5 17. e4 dxe4 18. Nxe4 Nb6 19. Nc5 Bc4 20. Bxc4 Nxc4 21.
Rbd1 Ng6 22. Bg3 Qd5 23. Ne5 Nb6 24. f4 Nf8 25. f5 f6 26. Ng4 Nc4 27. Qf2 Bd6
28. Bxd6 Qxd6 29. Rfe1 Qd5 30. Qf4 Ra8 31. Re4 Rxe4 32. Nxe4 Nd7 33. Nc3 Qf7
34. d5 cxd5 35. Nxd5 h5 36. Nf2 Nde5 37. Ne4 Re8 38. Nc5 Qa7 39. Qg3 Kh7 40.
Kh2 Qa2 41. Ne6 Qa7 42. Qh4 Qf7 43. Ndf4 Kh6 44. Nd8 Rxd8 45. Rxd8 1-0

[Event "Dvorkovich Memorial rapid op"]
[Site "Taganrog"]
[Date "2018.01.14"]
[Round "10"]
[White "Zakaryan, David"]
[Black "Balashov, Yuri S"]
[Result "0-1"]
[WhiteElo "2420"]
[BlackElo "2434"]
[PlyCount "100"]
[EventDate "2018.01.13"]
[EventType "swiss (rapid)"]
[EventRounds "11"]
[EventCountry "RUS"]
[SourceTitle "CBM 182 Extra"]
[Source "ChessBase"]
[SourceDate "2018.02.23"]
[SourceVersion "1"]
[SourceVersionDate "2018.02.23"]
[SourceQuality "1"]

1. d4 Nf6 2. Nf3 e6 3. Bg5 h6 4. Bxf6 Qxf6 5. e4 d6 6. Nc3 a6 7. Bd3 Nd7 8. O-O
g5 9. Re1 g4 10. e5 Qg7 11. Nd2 dxe5 12. dxe5 Nxe5 13. Nde4 Bd7 14. Qd2 O-O-O
15. Qe3 Nc6 16. Nc5 Qd4 17. Nxd7 Qxe3 18. Rxe3 Rxd7 19. h3 h5 20. hxg4 hxg4 21.
Ne2 Bc5 22. Re4 Rg8 23. g3 Nb4 24. Nf4 Rg5 25. a3 Nxd3 26. Nxd3 Bd4 27. Rd1 Rd6
28. Kg2 c5 29. b3 b5 30. Rh1 c4 31. bxc4 bxc4 32. Nf4 e5 33. c3 exf4 34. gxf4
Rgd5 35. cxd4 Rxd4 36. Re7 Rd7 37. Re8+ Kc7 38. Kg3 f5 39. Rc1 Rh7 40. Re5 Rh3+
41. Kg2 Rxf4 42. a4 c3 43. a5 Rhf3 44. Re6 Rxf2+ 45. Kg3 R4f3+ 46. Kh4 c2 47.
Kg5 Rd3 48. Re5 Kd6 49. Rxf5 Rxf5+ 50. Kxf5 Rc3 0-1

[Event "Kolomna rapid op"]
[Site "Kolomna"]
[Date "2018.02.16"]
[Round "6"]
[White "Tsoi, Dmitry"]
[Black "Balashov, Yuri S"]
[Result "0-1"]
[WhiteElo "2361"]
[BlackElo "2431"]
[PlyCount "116"]
[EventDate "2018.02.16"]
[EventType "swiss (rapid)"]
[EventRounds "11"]
[EventCountry "RUS"]
[SourceTitle "CBM 183 Extra"]
[Source "ChessBase"]
[SourceDate "2018.04.19"]
[SourceVersion "1"]
[SourceVersionDate "2018.04.19"]
[SourceQuality "1"]

1. c4 e5 2. g3 c6 3. d4 exd4 4. Qxd4 d5 5. Nc3 Nf6 6. Bg2 dxc4 7. Qxd8+ Kxd8 8.
Bg5 Be7 9. O-O-O+ Ke8 10. Nf3 Nbd7 11. e4 h6 12. Bxf6 gxf6 13. Nd4 Ne5 14. Bf1
Bg4 15. Rd2 Rd8 16. h3 Bc5 17. Nxc6 bxc6 18. Rxd8+ Kxd8 19. hxg4 Bxf2 20. Rh3
Be3+ 21. Kc2 Ke7 22. Be2 Rd8 23. Nb1 Nd3 24. a3 Nf2 25. Rh2 Nxe4 26. Bxc4 Nxg3
27. Rg2 Bf4 28. Nc3 Be5 29. Bd3 Rg8 30. Ne2 Rxg4 31. Nxg3 Bxg3 32. Be2 Rg5 33.
Rg1 Be5 34. Rh1 Rg2 35. Kd3 Bxb2 36. Rxh6 Rg3+ 37. Kc4 Bxa3 38. Rh8 a5 39. Ra8
Bb4 40. Ra7+ Ke6 41. Rc7 Rc3+ 42. Kd4 c5+ 43. Ke4 f5+ 44. Kf4 a4 45. Bh5 f6 46.
Ra7 a3 47. Ra6+ Ke7 48. Kxf5 Rd3 49. Ra7+ Kd6 50. Be8 Rf3+ 51. Ke4 Rf1 52. Bb5
f5+ 53. Kd3 Rf2 54. Be8 a2 55. Bf7 Ba3 56. Ra6+ Ke7 57. Bxa2 Rxa2 58. Kc4 f4
0-1

[Event "Moscow Aeroflot op-B 17th"]
[Site "Moscow"]
[Date "2018.02.23"]
[Round "4"]
[White "Sadhwani, Raunak"]
[Black "Balashov, Yuri S"]
[Result "0-1"]
[WhiteElo "2339"]
[BlackElo "2431"]
[PlyCount "156"]
[EventDate "2018.02.20"]
[EventType "swiss"]
[EventRounds "9"]
[EventCountry "RUS"]
[SourceTitle "CBM 183 Extra"]
[Source "ChessBase"]
[SourceDate "2018.04.19"]
[SourceVersion "1"]
[SourceVersionDate "2018.04.19"]
[SourceQuality "1"]

1. e4 c5 2. Nf3 d6 3. d4 cxd4 4. Nxd4 Nf6 5. Nc3 Nc6 6. Bg5 e6 7. Qd2 a6 8.
O-O-O Bd7 9. f3 Be7 10. Be3 b5 11. Nxc6 Bxc6 12. Ne2 Rc8 13. Nd4 Bb7 14. g4 Nd7
15. Kb1 Ne5 16. Qe2 Nc4 17. Bc1 Qb6 18. b3 Bf6 19. c3 Na5 20. Bb2 h5 21. Bh3
Nc6 22. g5 Bxg5 23. Nxe6 fxe6 24. Bxe6 Nd8 25. Bxc8 Bxc8 26. Ba3 Nf7 27. Rhg1
Bf6 28. Bxd6 Bxc3 29. Rg6 Be5 30. Qc2 Bd7 31. Qc5 Qxc5 32. Bxc5 Rh6 33. Rxh6
Nxh6 34. Be3 Nf7 35. f4 Bb8 36. Rg1 Bc6 37. e5 g6 38. Kb2 Be4 39. Rc1 Kd7 40.
Kc3 Nd8 41. Rd1+ Ke8 42. a4 Nc6 43. axb5 axb5 44. Bc5 Bc7 45. b4 Bf5 46. Kd2 g5
47. fxg5 Nxe5 48. Rf1 Bg6 49. Rf8+ Kd7 50. h4 Bd8 51. Rf1 Nc4+ 52. Ke2 Ne5 53.
Rd1+ Ke8 54. Rd5 Nd7 55. Bd4 Bf7 56. Rf5 Be6 57. Rf2 Nf8 58. Kd2 Ng6 59. Re2
Kd7 60. Bf2 Bc7 61. Re1 Bd6 62. Kc3 Ne7 63. Bc5 Bg3 64. Re4 Nf5 65. Bd4 Bd5 66.
Re2 Bc4 67. Re4 Bd5 68. Re2 Nxh4 69. Bf2 Bxf2 70. Rxf2 Nf3 71. Kd3 h4 72. Ke3
h3 73. Rxf3 h2 74. Rh3 h1=Q 75. Rxh1 Bxh1 76. Kd4 Bg2 77. Ke5 Ke7 78. g6 Bh3
0-1

[Event "Moscow Aeroflot op-B 17th"]
[Site "Moscow"]
[Date "2018.02.26"]
[Round "7"]
[White "Balashov, Yuri S"]
[Black "Tsoi, Dmitry"]
[Result "1-0"]
[WhiteElo "2431"]
[BlackElo "2361"]
[PlyCount "147"]
[EventDate "2018.02.20"]
[EventType "swiss"]
[EventRounds "9"]
[EventCountry "RUS"]
[SourceTitle "CBM 183 Extra"]
[Source "ChessBase"]
[SourceDate "2018.04.19"]
[SourceVersion "1"]
[SourceVersionDate "2018.04.19"]
[SourceQuality "1"]

1. e4 d6 2. d4 Nf6 3. Nc3 Nbd7 4. Nf3 e5 5. Bc4 Be7 6. O-O O-O 7. Re1 c6 8. a4
a5 9. Ba2 exd4 10. Nxd4 Nc5 11. h3 Re8 12. Qf3 Bf8 13. Bg5 Ne6 14. Bxe6 fxe6
15. e5 dxe5 16. Nb3 Be7 17. Rad1 Qc7 18. Qg3 Nd7 19. Ne4 Bf8 20. Re3 Nb6 21.
Red3 Nd5 22. c4 Kh8 23. Rf3 Nf4 24. Bxf4 exf4 25. Rxf4 e5 26. Rf3 Be6 27. Nbc5
Bxc5 28. Nxc5 Qe7 29. Nxe6 Qxe6 30. b3 Re7 31. Qg5 h6 32. Qd2 e4 33. Re3 Qf5
34. Qd4 Rae8 35. Rde1 Re6 36. Rg3 R8e7 37. Rg4 Kh7 38. Qd2 g6 39. Qe3 Re5 40.
Rf4 Qe6 41. Rd1 Rd7 42. Rxd7+ Qxd7 43. Rf8 Rf5 44. Ra8 h5 45. h4 Rf7 46. Qg3
Qf5 47. Re8 Rd7 48. Re5 Qf6 49. Rxe4 b5 50. cxb5 cxb5 51. axb5 Qf5 52. Re5 Qf6
53. Rc5 Rd1+ 54. Kh2 Rd4 55. Rc7+ Kh6 56. Rc4 Rxc4 57. bxc4 a4 58. Qe3+ Kh7 59.
b6 Qd6+ 60. g3 a3 61. b7 Qb8 62. Qxa3 Qxb7 63. Qf8 Qb3 64. Qf7+ Kh6 65. Kg2 Qc2
66. Qd5 Qa2 67. Qg5+ Kh7 68. c5 Qa8+ 69. Kh2 Qf3 70. Qe7+ Kh8 71. Qe3 Qf6 72.
Qf4 Qc6 73. Qd6 Qf3 74. Kg1 1-0